Geografická informácia terminológia v normách ISO (2002-2003) : zborník referátov z rovnomenného seminára konaného v Bratislave 12.11.2003
| Corporate Author: | |
|---|---|
| Other Authors: | |
| Format: | Conference Proceeding Book |
| Language: | Slovak Czech English |
| PhysicalDescription: | 84 s. ilustr. 24 cm 1 text. príloha |
| Published: |
Bratislava
Geografický ústav Slovenskej akadémie vied
2003
|
| Edition: | [1. vyd.] |
| Subjects: |
MARC
| LEADER | 00000cam a2200000 a 4500 | ||
|---|---|---|---|
| 001 | vtls001467478 | ||
| 003 | SK-MaSNL | ||
| 005 | 20260426010024.0 | ||
| 008 | 250414s2003 xo a f 10000 slo | ||
| 035 | |a SNK000422783 | ||
| 035 | |a urn:nbn:sk:snk-amjrk4 | ||
| 035 | |a urn:nbn:sk:snk:ar-008te6 | ||
| 035 | |a c090a06e-d4b6-4eb9-9978-51588a31abf1 | ||
| 040 | |a SNK |b slo |c SNK |e AACR2 | ||
| 041 | 0 | |a slo |a cze |a eng | |
| 044 | |a xo |c SK | ||
| 072 | 7 | |a 91 |x Geografia ako veda. Výskum. Cestovanie |2 konspekt | |
| 080 | |a 001.102:91 |2 1981 | ||
| 080 | |a 004.9:91 |2 1981 | ||
| 080 | |a 81`373.46 |2 1981 | ||
| 080 | |a 811.111 |2 1981 | ||
| 080 | |a 811.162.4 |2 1981 | ||
| 080 | |a (063) |2 1981 | ||
| 111 | 2 | |a Geografická informácia |d (2003 : |c Bratislava, Slovensko) |4 aut |9 662148 | |
| 245 | 0 | 0 | |a Geografická informácia |b terminológia v normách ISO (2002-2003) : zborník referátov z rovnomenného seminára konaného v Bratislave 12.11.2003 |c [editor: Ján Pravda] |
| 246 | 3 | 0 | |a Terminológia v normách ISO (2002-2003) |
| 250 | |a [1. vyd.] | ||
| 260 | |a Bratislava |b Geografický ústav Slovenskej akadémie vied |c 2003 | ||
| 300 | |a 84 s. |b ilustr. |c 24 cm |e 1 text. príloha | ||
| 500 | |a Čiast. text čes. a angl. | ||
| 500 | |a 50 výtl. (pre účastníkov seminára) | ||
| 504 | |a Bibliogr. odkazy ; Reg. angl.-slov. a slov.-angl. ekvivalentov | ||
| 650 | 0 | 7 | |a geografické informácie |2 SNKPH |9 67464 |
| 650 | 0 | 7 | |a geografické informačné systémy |2 SNKPH |9 1861 |
| 650 | 0 | 7 | |a odborná terminológia |2 SNKPH |9 3616 |
| 650 | 0 | 7 | |a angličtina |2 SNKPH |9 1260 |
| 650 | 0 | 7 | |a slovenčina |2 SNKPH |9 1350 |
| 655 | 7 | |a zborníky konferencií |2 SNKPH |9 70153 | |
| 655 | 7 | |a issue_zb |2 SNK |9 276493 | |
| 700 | 1 | |a Pravda, Ján, |d 1934-2010 |4 edt |9 102220 | |
| 852 | |a Slovenská národná knižnica | ||
| 954 | |a odborná, vedecká literatúra pôvodná (slovenská) |2 lita | ||
| 954 | |a odborná, vedecká literatúra cudzojazyčná (svetová) |2 lita | ||
| 958 | |a OND | ||
| 958 | |a ART | ||
| 958 | |a NB | ||
| 999 | |c 1023034 |d 1024964 | ||
| 952 | |t P60, <03>, [BOOK], {603} |a SNK |b SNK |y PREZ |7 0 |p 17A0412241 |o snkSC 114471 |i snkKSP 1554/2004 |0 0 |1 0 |4 0 |d 2004-02-03 |l 0 |r 2025-10-03 00:00:00 |w 2026-02-24 | ||
| 952 | |t P60, <03>, [BOOK], {603} |a SNK |b SNK |y PREZ |7 0 |p 17A0412242 |o snkSC 114471/príl. |0 0 |1 0 |4 0 |d 2004-02-04 |l 0 |r 2025-10-03 00:00:00 |w 2026-02-24 | ||
| 952 | |t snkGEO 91 |a SNKUST |b SNKUST |y PREZ |7 0 |p 17A0412243 |o snkSC 114471 D1 |i snkKSP 1555/2004 |0 0 |1 0 |4 0 |d 2004-02-03 |l 0 |r 2025-04-28 00:00:00 |w 2026-02-24 | ||
| 952 | |t snkGEO 91 |a SNKUST |b SNKUST |y PREZ |7 0 |p 17A0412244 |o snkSC 114471/príl. D1 |0 0 |1 0 |4 0 |d 2004-02-04 |l 0 |r 2025-04-28 00:00:00 |w 2026-02-24 | ||


